000 00614cam a2200229ua 4500
001 7005
005 20260515114136.0
008 141119n ii |||gr||||Z||||||eng
020 _a9789381136652
040 _cMAIN
041 _aeng
082 _a320
100 _aSinha, Harendra,
_eEditor.
245 1 _aDecentralization and rural development in north east India
_cEdited by Harendra Sinha
250 _a1st.
260 _aNew Delhi:
_bAbhijeet publications,
_c2012.
300 _aix,314p.
653 _aPolitical science
653 _aNorth east politics
700 _aZorema, J.,
_eEditor.
942 _cBK
999 _c6141
_d6141